Land use (Record no. 80596)
[ view plain ]
| 000 -LEADER | |
|---|---|
| fixed length control field | 00972nam a2200205 a 4500 |
| 008 - FIXED-LENGTH DATA ELEMENTS--GENERAL INFORMATION | |
| fixed length control field | 120416s1986 ||||||||||||||||| || u |
| 020 ## - INTERNATIONAL STANDARD BOOK NUMBER | |
| International Standard Book Number | 0582301319 |
| 050 ## - LIBRARY OF CONGRESS CALL NUMBER | |
| Classification number | HD 111 Mat |
| 100 ## - MAIN ENTRY--PERSONAL NAME | |
| Personal name | Mather, Alexander Smith |
| 245 10 - TITLE STATEMENT | |
| Title | Land use |
| 260 ## - PUBLICATION, DISTRIBUTION, ETC. | |
| Place of publication, distribution, etc. | Harlow |
| Name of publisher, distributor, etc. | Longman Scientific & Technical Wiley |
| Date of publication, distribution, etc. | 1986 |
| 300 ## - PHYSICAL DESCRIPTION | |
| Extent | [x], 286p. : ill |
| 350 ## - | |
| -- | 0.00 |
| 500 ## - GENERAL NOTE | |
| General note | Distributor from label on p. 4 of cover. -Includes index. -Bibliography: p. 245-280. |
| 650 ## - SUBJECT ADDED ENTRY--TOPICAL TERM | |
| Topical term or geographic name entry element | LAND |
| 650 ## - SUBJECT ADDED ENTRY--TOPICAL TERM | |
| Topical term or geographic name entry element | LAND USE |
| 995 ## - | |
| -- | MAIN LIBRARY OPEN ACCESS |
| -- | 0.00 |
| -- | 727072 |
| -- | CBU-MAIN LIBRARY (Kitwe) |
| -- | 3 |
| -- | 17.99 |
| -- | HD 111 Mat |
| -- | 2 |
| -- | AVAILABLE |
| -- | 018559 |
| -- | Main Library Open Access Collection |
| 995 ## - | |
| -- | BINDERY (DAMAGED) |
| -- | 0.00 |
| -- | 709668 |
| -- | CBU-MAIN LIBRARY (Kitwe) |
| -- | 2 |
| -- | 17.99 |
| -- | HD 111 Mat |
| -- | 1 |
| -- | DAMAGED |
| -- | 004724 |
| -- | Main Library Open Access Collection |
| 995 ## - | |
| -- | MAIN LIBRARY OPEN ACCESS |
| -- | 0.00 |
| -- | 727071 |
| -- | CBU-MAIN LIBRARY (Kitwe) |
| -- | 1 |
| -- | 17.99 |
| -- | HD 111 Mat |
| -- | 3 |
| -- | AVAILABLE |
| -- | 018561 |
| -- | Main Library Open Access Collection |
| 999 ## - | |
| -- | 80596 |
| -- | 80596 |
| Withdrawn status | Lost status | Source of classification or shelving scheme | Damaged status | Not for loan | Permanent Location | Current Location | Shelving location | Date acquired | Total Checkouts | Full call number | Barcode | Date last seen | Copy number | Price effective from | Koha item type |
|---|---|---|---|---|---|---|---|---|---|---|---|---|---|---|---|
| CBU-MAIN LIBRARY, KITWE. | CBU-MAIN LIBRARY, KITWE. | 06/30/2023 | HD 111 Mat | 018559 | 06/30/2023 | 1 | 06/30/2023 | MONOGRAPH | |||||||
| CBU-MAIN LIBRARY, KITWE. | CBU-MAIN LIBRARY, KITWE. | 06/30/2023 | HD 111 Mat | 004724 | 06/30/2023 | 2 | 06/30/2023 | MONOGRAPH | |||||||
| CBU-MAIN LIBRARY, KITWE. | CBU-MAIN LIBRARY, KITWE. | 06/30/2023 | HD 111 Mat | 018561 | 06/30/2023 | 3 | 06/30/2023 | MONOGRAPH |